| 000 | 00486nam a2200157Ia 4500 | ||
|---|---|---|---|
| 999 |
_c22399 _d22399 |
||
| 003 | OSt | ||
| 005 | 20200611113810.0 | ||
| 008 | 190216s9999||||xx |||||||||||||| ||und|| | ||
| 040 | _coclc | ||
| 082 |
_a291.211 _bSID/N |
||
| 100 |
_aSiddiqi, Muhammad Iqbal _92181 |
||
| 245 | 0 |
_aNinety Nine Names Of Allah / _c Muhammad Iqbal Siddiqi |
|
| 260 |
_bAdam Publishers&Distributors, _c1990. _aDelhi: |
||
| 300 | _a178p | ||
| 942 |
_cBK _2ddc _h291.211 _iSID/N _k291.211 _mSID/N |
||